10 Best Goals in UEFA Champions League History - Statistics

General Stats
  • This quiz has been taken 21 times
  • The average score is 7 of 10
Answer Stats
# Description Club scored for Round Date Answer % Correct
2 Karius couldn't do anything about this one Real Madrid Final 26th May 2018 Bale against Liverpool
90%
1 2.56m in the air Real Madrid Quarter-Final 3rd April 2018 Ronaldo against Juventus
85%
6 15 yards out overhead Juventus Final 3rd June 2017 Mandzukic against Real Madrid
80%
3 Spinning volley just before half time Real Madrid Final 15th May 2002 Zidane against Bayer Leverkusen
80%
5 Boateng have a seat Barcelona Semi-Final 6th May 2015 Messi against Bayern Munich
70%
10 Corner taken ....... Liverpool Semi-Final 7th May 2019 Origi against Barcelona
65%
4 Sergio Busquets with the greatest assist ever Barcelona Semi-Final 27th April 2011 Messi against Real Madrid
60%
8 How did that go in there? Manchester United Semi-Final 5th May 2009 Ronaldo against Arsenal
55%
9 The first Puskas award winner Manchester United Quarter-Final 15th April 2009 Ronaldo against Porto
55%
7 Volley from the half way line Inter Quarter-Final 5th April 2011 Stankovic against Schalke
40%
No matching quizzes found
Score Distribution
Percent of People with Each Score
Percentile by Number Answered
Your Score History
You have not taken this quiz